000 01334nam0a2200289 4500
001 RU\NLR\BIBL_A\022117495
005 20260405073807.0
035 _a(NLR Aleph) 022117495
090 _a13319588
_c13319588
100 _a20240126d1980 |||y0rusy50 ca
101 0 _aaze
_crus
102 _aAZ
105 _aa z 000 y
200 1 _a10-ҹу синифдә ҹәбр вә анализин башланғыҹы
_eмүәллимләр үчүн вәсаит
_fБ. М. Ивлев, З. И. Моисеjева, С. М. Саакан, С. И. Швартсбурд
_gред.: С. И. Швартсбурд
210 _aБакы
_cМаариф
_d1980
215 _a240, [2] c.
_cил.
_d22
300 _aНа обл. и тит. л. авт. не указаны
541 1 _aАлгебра и начала анализа в 10 классе
_e(пособ. для учителей)
_zrus
686 1 _aЧ264
701 1 _aИвлев
_bБ. М.
_f1946-1990
_gБорис Михайлович
701 1 _aМоисеева
_bЗ. И.
_gЗоя Ивановна
_4070
701 1 _aСаакан
_bС. М..
_gСамвел Манасович
_4070
701 1 _4070
_8rus
_7ca
_aШварцбурд
_bС.И.
_f1918-1996
_gСемен Исаакович
_3RU\NLR\AUTH\7720931
_93997
852 _aNLR
_bОНЛ
_jАзерб./3-11063
942 _cBOOK
980 _aNB